| 000 | 00745nam a22001937a 4500 | ||
|---|---|---|---|
| 005 | 20100730104749.0 | ||
| 010 | _aENG-97155 | ||
| 020 |
_a8190148168 _c300.00 |
||
| 035 | _aEN-80688 | ||
| 037 | _bDBAD/PUB | ||
| 082 | _a398.0954 | ||
| 245 |
_aFolklore as discourse / _cedited by M. D. Muthukumaraswamy |
||
| 260 |
_aChennai _bNational Folklore Support Centre _c2006 |
||
| 270 |
_a#508, Fifth Floor, Kaveri Complex, 96 Mahatma Gandi Road _bChennai _e600034 |
||
| 300 |
_ax, 254p.: _bill. _c24cm (pbk) |
||
| 700 |
_aMuthukumaraswamy, M. D. _92460 |
||
| 942 |
_2ddc _cEN _h398.0954 _mFOL |
||
| 999 |
_c38192 _d38192 |
||